000 01906cam a22004694i 4500
003 PE-LiUPU
005 20250731184541.0
008 150623s r 000 0 d
020 _a9659024037
035 _a(Sirsi) i9789659024032
040 _aPE-LiUPU
_bspa
_cPE-LiUPU
_erda
049 _aPRUA
082 0 4 _a929.82
_bD63
_221
100 1 _aDeutsch, Robert,
_eautor.
245 1 0 _aMessages from the past :
_bHebrew bullae from the time of Isaiah through the destruction of the first Temple /
_cRobert Deutsch.
264 1 _aTel Aviv, Israel :
_bArchaeological Center Publications,
_c1999.
300 _a205 páginas :
_bilustraciones, gráficos ;
_c27 centímetros
336 _atext
_2rdacontent
337 _aunmediated
_2rdamedia
338 _avolume
_2rdacarrier
504 _aIncluye bibliografía.
505 0 _aThe biblical evidence. -Hebrew bullae from controlled excavations. -Unprovenances published Hebrew bullae. -Unpublished Hebrew bullae of unknown provenance. -Iron age bullae from the neighboring states. -Persian period bullae. -109 Hebrew bullae from the time of Isaiah through the destruction of the first temple. -Indexes for chapter three. -Plates.
526 _aP136
526 _aP135
526 _aP134
526 _aP133
526 _aP144
526 _aP143
526 _aP87
526 _aP35
526 _aP20
526 _aP14
526 _aP10
526 _aP06
650 0 4 _aSellos judíos (Numismática)
_yÉpoca Antigua.
942 _2ddc
_cBOOK
949 _a929.82 D63
_wDEWEY
_c1
_i49659
_lCCODEBUL1
_mBUL
_r0
_sY
_tBOOK
_u2015-6-24
_xTEOLOGIA
_PP35
_0COMPRA
_o.STAFF. Colección General
994 _aC0
_bPEPRU
596 _a1
999 _a929.82 D63
_wDEWEY
_c32495
_i49659
_f2021-11-11
_g5
_lCCODEBUL1
_mBUL
_r0
_sY
_tBOOK
_u2015-6-24
_xTEOLOGIA
_PP35
_0COMPRA
_o.STAFF. Colección General
_d32495
980 _81
_gALBERTO SANCHEZ Responsable de Automatización